01224 a2200169 4500003000500000005001700005020001400022040000900036082001600045100002400061245008600085260004500171300002400216505075600240600002400996650003401020Nust20221121172736.0 a070398402 cNust a621.381,MAL aMalvion Albert Paul aExperiments for electronic principles /cAlbert Paul Malvion & Gregory F Johnson aMcGraw-Hill Book CompanybNew Yorkc1973 a229 pbillusc24 cm aCurrent and Voltage Sources (Page-1), Thevenin’s Theorem (Page-5), Semiconductor Theory (Page-9), PN Junction (Page-13), The Diode Curve(Page-17), Diode Approximations (Page-23), The Half Wave Rectifier (Page-27), Clippers and Peak Rectifiers (Page-33), Clamping Actions (Page-39), The CE Connection (Page-45), Collector Curves (Page-49) Base Bias (Page-53), Voltage Divider and Emitter Bias (Page-59), Collector Feedback Bias (Page-63), other Negative Feedback Circuits (Page-187), Gain Bandwidth Product (Page-193), The Wien Bridge Oscillator (Page-197), The LC Oscillator (Page-201), Harmonic Distortion (Page-205), The Frequency Mixer (Page-211), Amplitude Modulation (Page-217), The Envelope Detector (Page-221), Voltage Regulation (Page-225).  aMalvion Albert Paul aTelecommunication Engineering